The BFG / (Registro nro. 10628)

Detalles MARC
000 -LIDER
fixed length control field 00611nam a22002177a 4500
001 - NÚMERO DE CONTROL
Identificador de número de control 000337
003 - IDENTIFICACDOR DE NÚMERO DE CONTROL
control field DO-SdBNP
005 - DATE AND TIME OF LATEST TRANSACTION
control field 20160629105553.0
007 - CAMPOS FIJOS DE DESCRIPCIÓN FÍSICA
fixed length control field 000337
008 - ELEMENTOS DE LONGITUD FIJA
fixed length control field 160629b xxu||||| |||| 00| 0 spa d
020 ## - ISBN
International Standard Book Number 0439387868
040 ## - FUENTE DE CATALOGACIÓN
Agencia que crea de manera original el registro BPMSU
Idioma de catalogación spa
Agencia que realiza la transcripción BPMSU
092 ## - LOCALLY ASSIGNED DEWEY DECIMAL CALL NUMBER
Número de clasificación xxxxx
Número de ítem (Cutter) xxxxx
100 1# - ASIENTO PRINCIPAL -- NOMBRE PERSONAL
Nombre personal Dahl, Roald,
Fechas asociadas con el nombre 1916-1990.
245 10 - MENCIÓN DE TITULO
Título The BFG /
Mención de responsabilidad Roald Dahl ; illustrations by Quentin Blake.
260 ## - PUBLICACIÓN, DISTRIBUCIÓN, ETC. (PIE DE IMPRENTA)
Lugar de publicación, distribución, etc New York :
Nombre del editor, distribuidor, etc. Scholastic,
Fecha de publicación, distribución, etc 1982.
300 ## - DESCRIPCIÓN FÍSICA
Extensión 207 p. :
Otros detalles físicos il. ;
Dimensiones 18 cm.
700 12 - ASIENTO SECUNDARIO -- NOMBRE PERSONAL
Nombre personal Blake, Quentin,
Fechas asociadas con el nombre 1932-,
Mención de responsabilidad il.
942 ## - ADDED ENTRY ELEMENTS (KOHA)
Source of classification or shelving scheme Dewey Decimal Classification
Koha item type Libros
956 ## - LOCAL ELECTRONIC LOCATION AND ACCESS (OCLC)
Método de acceso LOPEREZ
Materiales especificados 10
Enlace 20160629
Campo enlazado y núm. de secuencia BPMSU
Nombre de host 00041
Existencias
Withdrawn status Lost status Source of classification or shelving scheme Damaged status Not for loan Collection code Home library Current library Date acquired Source of acquisition Total Checkouts Barcode Date last seen Price effective from Koha item type Copy number
    Dewey Decimal Classification     Colección General Biblioteca Pública Metropolitana Salomé Ureña Biblioteca Pública Metropolitana Salomé Ureña 06/29/2016 FUNDI   BPMSU16060689 06/29/2016 06/29/2016 Libros  
    Dewey Decimal Classification     Colección General Biblioteca Pública Metropolitana Salomé Ureña Biblioteca Pública Metropolitana Salomé Ureña 06/29/2016 FUND   BPMSU16060690 06/29/2016 06/29/2016 Libros ej. 2
    Dewey Decimal Classification     Colección General Biblioteca Pública Metropolitana Salomé Ureña Biblioteca Pública Metropolitana Salomé Ureña 06/29/2016 FUNDI   BPMSU16060691 06/29/2016 06/29/2016 Libros ej. 3